[Event "Titled Tue 1st Jul Late"]
[Site "chess.com INT"]
[Date "2025.07.01"]
[Round "4"]
[White "Przybylski, Wojciech"]
[Black "Vihaan Karthikeya N"]
[Result "1-0"]
[WhiteTitle "FM"]
[WhiteElo "2340"]
[BlackElo "2179"]
[WhiteFideId "1117599"]
[BlackFideId "25950673"]
[EventDate "2025.07.01"]

1. e4 c6 2. d4 d5 3. exd5 cxd5 4. Nf3 Nc6 5. c3 Bg4 6. h3 Bh5 7. Be2 Nf6 8. O-O
e6 9. Bf4 Bd6 10. Bxd6 Qxd6 11. Nfd2 Bxe2 12. Qxe2 O-O 13. Nf3 Rae8 14. Nbd2 e5
15. dxe5 Nxe5 16. Nxe5 Rxe5 17. Qd3 Rfe8 18. Nc4 Qe6 19. Nxe5 Qxe5 20. Rfe1
Qxe1+ 21. Rxe1 Rxe1+ 22. Kh2 h6 23. Qd4 b6 24. Qd2 Ra1 25. a3 Rf1 26. Qe2 Rb1
27. Qc2 Re1 28. f3 h5 29. h4 Re5 30. Qd3 Nd7 31. Qa6 Nc5 32. Qxa7 Nd3 33. Qxb6
Re2 34. Qb5 Rd2 35. Qxd5 Rxg2+ 36. Kh1 Rd2 37. Qxh5 Rd1+ 38. Kh2 Rd2+ 39. Kg3
Rxb2 40. Qd5 Rg2+ 41. Kxg2 Nf4+ 42. Kf2 Nxd5 43. c4 Nc7 44. Ke3 Kf8 45. Kd4 Ke7
46. Kc5 Kd7 47. Kb6 Kc8 48. a4 Kb8 49. Kc6 Kc8 50. a5 Kb8 51. h5 Ne6 52. c5 Nd4+
53. Kd6 Nb3 54. a6 Nd4 55. c6 Kc8 56. a7 Nb5+ 57. Ke7 Nxa7 58. Kxf7 Nxc6 59.
Kxg7 Nd8 60. h6 Ne6+ 61. Kg6 Nf8+ 62. Kf7 Nh7 63. f4 Kd7 64. Kg7 Ke7 65. Kxh7
Kf7 66. f5 Kf8 67. Kg6 Kg8 68. Kf6 Kf8 69. Ke6 Kg8 70. Ke7 Kh7 71. f6 Kxh6 72.
f7 Kh7 73. f8=Q Kg6 74. Qg8+ Kh5 75. Kf6 1-0

[Event "Titled Tue 1st Jul Late"]
[Site "chess.com INT"]
[Date "2025.07.01"]
[Round "4"]
[White "Akhayan, Ruben"]
[Black "Slovineanu, Viacheslav"]
[Result "1/2-1/2"]
[WhiteTitle "FM"]
[BlackTitle "IM"]
[WhiteElo "2265"]
[BlackElo "2412"]
[WhiteFideId "204439"]
[BlackFideId "13900510"]
[EventDate "2025.07.01"]

1. Nf3 Nf6 2. d4 d5 3. Bf4 e6 4. e3 c5 5. Nbd2 Bd6 6. c3 cxd4 7. cxd4 Bxf4 8.
exf4 O-O 9. Bd3 Nc6 10. O-O Qb6 11. Nb3 a5 12. Rb1 g6 13. f5 exf5 14. Qd2 a4 15.
Nc5 Nxd4 16. Nxd4 Qxc5 17. Qf4 Ne4 18. Nf3 Be6 19. Qh6 Qe7 20. Rbc1 Rfc8 21.
Rce1 Qf8 22. Qh4 a3 23. b3 h6 24. Nd4 Rc3 25. Bb5 Kg7 26. Kh1 Qd8 27. Qf4 Qf6
28. Rd1 Rac8 29. f3 Nc5 30. Rfe1 Bd7 31. Bf1 Ne6 32. Nxe6+ Bxe6 33. Qd6 Rc2 34.
Qxa3 Qb2 35. Qa4 Qxa2 36. Qd4+ Kg8 37. Rxe6 fxe6 38. Qf6 Qb2 39. Qxe6+ Kh7 40.
Rxd5 R8c7 41. Rd6 Qg7 42. h4 Rc1 43. Kg1 Re7 44. Qd5 h5 45. Kf2 Qe5 46. Qd2 Qe1+
47. Qxe1 Rexe1 48. Bc4 Re7 49. Kg3 Kh6 50. Rd8 g5 51. Rd6+ Kg7 52. hxg5 Rh1 53.
Kf4 h4 54. Kxf5 Re2 55. Bxe2 h3 56. gxh3 Kf8 57. Bc4 Rxh3 58. g6 Ke8 59. Re6+
Kd7 60. g7 Rxf3+ 61. Kg6 Rg3+ 62. Kh7 Rh3+ 63. Kg8 b5 64. Re4 bxc4 65. Rxc4 Ke6
66. Rd4 Kf6 67. Rf4+ Ke5 68. Rf2 Rg3 69. Rb2 Kf6 70. b4 Rxg7+ 71. Kf8 Rb7 72.
Ke8 Ke6 73. Kd8 Kd6 74. Kc8 Kc6 75. Rc2+ Kb6 76. Kd8 Rh7 77. Rb2 Kb5 78. Ke8 Rh4
79. Kd7 Rxb4 80. Rxb4+ Kxb4 1/2-1/2

[Event "Titled Tue 1st Jul Late"]
[Site "chess.com INT"]
[Date "2025.07.01"]
[Round "4"]
[White "Gasparyan, Erik R."]
[Black "Maghsoodloo, Parham"]
[Result "1/2-1/2"]
[WhiteTitle "IM"]
[BlackTitle "GM"]
[WhiteElo "2372"]
[BlackElo "2691"]
[WhiteFideId "13315730"]
[BlackFideId "12539929"]
[EventDate "2025.07.01"]

1. Nf3 d5 2. g3 Nd7 3. d4 Ngf6 4. Bg2 e6 5. O-O Be7 6. c4 O-O 7. Qc2 a5 8. Rd1
dxc4 9. Qxc4 b5 10. Qc2 Bb7 11. Bf4 Rc8 12. Nbd2 c5 13. dxc5 Bxc5 14. Qd3 Qb6
15. e3 Rfd8 16. Nb3 Bf8 17. Qe2 h6 18. Rac1 Bd5 19. Rxc8 Rxc8 20. Ne5 Bxg2 21.
Nxd7 Nxd7 22. Kxg2 e5 23. e4 a4 24. Na1 Qc6 25. Rc1 Qb7 26. Rxc8 Qxc8 27. Be3
Qc6 28. f3 b4 29. Nc2 Qe6 30. a3 b3 31. Ne1 Qc6 32. Nd3 Bd6 33. Qd2 Nf8 34. Nb4
Bxb4 35. Qxb4 Ne6 36. Qd2 h5 37. h4 f6 38. Kf2 Kf7 39. Ke2 g6 40. Qd3 Nc7 41.
Kd2 Nb5 42. Qd5+ Qxd5+ 43. exd5 Nc7 44. d6 Nd5 45. Bc5 Ke6 46. Kd3 f5 47. Kc4 e4
48. fxe4 fxe4 49. Kd4 Nf6 50. Bb4 Kf5 51. Bd2 Nd7 52. Bf4 Nf6 53. Kc5 Kg4 54.
Kc6 Kf3 55. Bg5 Ng4 56. d7 Ne5+ 57. Kd6 Nxd7 58. Kxd7 e3 59. Ke6 e2 60. Bd2 Kxg3
61. Be1+ Kg2 62. Kf6 Kf1 63. Bc3 e1=Q 64. Bxe1 Kxe1 65. Kxg6 Kd2 66. Kxh5 Kc2
67. Kg4 Kxb2 68. h5 Kxa3 69. h6 b2 70. h7 b1=Q 71. h8=Q Qb4+ 72. Kf3 Qb3+ 73.
Kg4 Ka2 74. Qd4 Qc2 75. Kh5 a3 76. Kh6 Qc1+ 77. Kh7 Qc7+ 78. Kh6 Qc6+ 79. Kh7
Qc2+ 80. Kh6 Kb3 81. Qb6+ Ka2 82. Qd4 1/2-1/2

[Event "Titled Tue 1st Jul Late"]
[Site "chess.com INT"]
[Date "2025.07.01"]
[Round "4"]
[White "Faryma, Matviy"]
[Black "Mata Gonzalez, Jose Fernando"]
[Result "0-1"]
[BlackTitle "CM"]
[WhiteElo "2230"]
[BlackElo "2164"]
[WhiteFideId "1961578"]
[BlackFideId "5107423"]
[EventDate "2025.07.01"]

1. e4 e5 2. Bc4 Nf6 3. d3 Bc5 4. f4 d6 5. Nf3 Nc6 6. Nc3 h6 7. Qe2 O-O 8. fxe5
dxe5 9. Be3 Nd4 10. Bxd4 exd4 11. Nd5 Nxd5 12. Bxd5 Bb4+ 13. Kf2 c6 14. Bb3 Be6
15. Rhf1 a5 16. Kg1 a4 17. Bxe6 fxe6 18. a3 Bc5 19. Ne5 Qg5 20. Nf3 Qh5 21. Rf2
Rf6 22. Raf1 Raf8 23. Nd2 Qxe2 24. Rxe2 Rxf1+ 25. Nxf1 b5 26. Ng3 g6 27. e5 Be7
28. Ne4 Rf5 29. Nd2 c5 30. Nf3 h5 31. h3 g5 32. Re4 Kg7 33. Kf2 Kg6 34. Ke2 Rf8
35. g4 h4 36. Nd2 Rd8 37. Nb1 Rd5 38. c3 Bf8 39. c4 bxc4 40. dxc4 Rd8 41. Kf2
Rb8 42. Re2 Rb3 43. Kg2 Bg7 44. Kh2 Re3 45. Rxe3 dxe3 46. Kg2 Bxe5 47. Kf3 Bd4
48. Nc3 Bxc3 49. bxc3 Kf6 50. Ke2 Ke7 51. Kxe3 Kd7 52. Kd3 Kc6 53. Ke3 Kd6 54.
Kd3 e5 55. Ke3 Ke7 56. Kf3 Kf6 57. Ke3 Ke6 58. Ke4 Kf6 59. Kd5 e4 60. Kxe4 Ke6
61. Kd3 Kd6 62. Ke3 Ke5 63. Kf3 Kf6 64. Ke3 Ke5 65. Kd3 Kf4 66. Kd2 Kg3 67. Ke3
Kxh3 68. Ke4 Kxg4 69. Kd5 h3 70. Kxc5 h2 71. Kd6 h1=Q 72. c5 Qd1+ 73. Kc7 Qb3
74. c6 Qxa3 75. Kb8 Qxc3 76. c7 Qxc7+ 77. Ka8 Qf7 78. Kb8 a3 79. Ka8 a2 80. Kb8
Kf4 81. Kc8 a1=Q 82. Kb8 Qaa7+ 83. Kc8 Qac7# 0-1

[Event "Titled Tue 1st Jul Late"]
[Site "chess.com INT"]
[Date "2025.07.01"]
[Round "4"]
[White "Moroni, Luca Jr"]
[Black "Svane, Frederik"]
[Result "0-1"]
[WhiteTitle "GM"]
[BlackTitle "GM"]
[WhiteElo "2549"]
[BlackElo "2667"]
[WhiteFideId "865834"]
[BlackFideId "12923044"]
[EventDate "2025.07.01"]

1. d4 Nf6 2. Bf4 b6 3. Nc3 Bb7 4. e4 Bxe4 5. Nf3 e6 6. Nxe4 Nxe4 7. Ne5 Nf6 8.
g4 c6 9. Qf3 h6 10. h4 d5 11. Bd3 Nfd7 12. Ng6 Rg8 13. O-O-O c5 14. c4 Nc6 15.
dxc5 Nd4 16. Qg3 Bxc5 17. cxd5 fxg6 18. Bxg6+ Kf8 19. dxe6 Ne2+ 20. Kb1 Nxg3 21.
fxg3 Nf6 22. g5 hxg5 23. hxg5 Nd5 24. Rhf1 Ke7 25. Be5 Rf8 26. Bf7 Ne3 27. Rxd8
Raxd8 28. Re1 Rd1+ 29. Rxd1 Nxd1 30. Bxg7 Rxf7 31. exf7 Kxf7 32. Be5 Kg6 33. Bf4
Nf2 34. Kc2 Nh3 35. Bb8 a6 36. a3 Nxg5 37. Kd3 Kf5 38. Kc4 Ke6 39. b4 Bf2 40.
Bf4 b5+ 41. Kd3 Nf7 42. Kc3 Ne5 43. Kb3 Kd5 44. a4 Nd3 45. axb5 axb5 46. Bb8 Bd4
47. Bc7 Be5 48. Bb6 Bxg3 49. Be3 Bd6 50. Bd2 Ke4 51. Bc3 Ne5 52. Bd2 Kd3 53. Bc3
Nc6 54. Be1 Nd4+ 55. Kb2 Nc2 56. Bf2 Bxb4 57. Kb3 Bd6 58. Bb6 Nd4+ 59. Kb2 Kc4
60. Ba5 b4 61. Bxb4 Bxb4 62. Kc1 Kd3 63. Kd1 Nf3 64. Kc1 Nd2 65. Kb2 Bc5 66. Kc1
Bd4 67. Kd1 Bb2 68. Ke1 Ne4 69. Kf1 Ke3 70. Kg2 Nf2 71. Kg3 Bf6 72. Kg2 Be5 73.
Kf1 Kf3 74. Kg1 Bf4 75. Kf1 Bh2 76. Ke1 Ne4 77. Kd1 Ke3 78. Kc2 Nd2 79. Kc3 Bd6
80. Kb2 Kd3 81. Kc1 Bc5 82. Kb2 Bd6 83. Kc1 Nc4 84. Kd1 Bg3 85. Kc1 Bf2 86. Kd1
Nb2+ 87. Kc1 Kc3 88. Kb1 Kb3 89. Kc1 Be3+ 90. Kb1 Nc4 91. Ka1 Bd2 92. Kb1 Na3+
93. Ka1 Bc3# 0-1

[Event "Titled Tue 1st Jul Late"]
[Site "chess.com INT"]
[Date "2025.07.01"]
[Round "4"]
[White "Craciun, Sasha-Matei"]
[Black "Szpar, Milosz"]
[Result "1/2-1/2"]
[WhiteTitle "FM"]
[BlackTitle "IM"]
[WhiteElo "2320"]
[BlackElo "2495"]
[WhiteFideId "1281186"]
[BlackFideId "1184989"]
[EventDate "2025.07.01"]

1. e4 e6 2. d4 d5 3. Nc3 Nf6 4. e5 Nfd7 5. f4 c5 6. Nf3 Nc6 7. Be3 Be7 8. Qd2
O-O 9. Be2 b6 10. O-O f5 11. dxc5 Nxc5 12. Nd4 Bd7 13. Kh1 Qc8 14. Rg1 Kh8 15.
g4 g6 16. gxf5 gxf5 17. Rg3 Rg8 18. Rag1 Qb7 19. a3 Ne4 20. Nxe4 dxe4 21. Bc4
Nxd4 22. Qxd4 Bc5 23. Qc3 Qc7 24. Be2 Bc6 25. b4 Bxe3 26. Qxe3 Bd5 27. c3 a5 28.
h3 axb4 29. Rxg8+ Rxg8 30. Rxg8+ Kxg8 31. axb4 Qa7 32. c4 Bc6 33. c5 Qa1+ 34.
Qg1+ Qxg1+ 35. Kxg1 b5 36. Kf2 Kf7 37. Ke3 Ke7 38. Bh5 Bd7 39. Kf2 Bc6 40. Kg3
Kf8 41. Kh4 Kg7 42. Bd1 Bd5 43. Be2 Bc6 44. Kg5 h6+ 45. Kh4 Kg6 46. Kg3 Kg7 47.
Kf2 Kf7 48. Ke3 Ke7 49. Kd4 Be8 50. Bd1 Kd8 51. Bb3 Ke7 52. Ba2 Bh5 53. Bb3 Be2
54. c6 h5 55. Kc5 e3 56. Kd4 Bf3 57. Kxe3 Bxc6 58. Kd4 h4 59. Kc5 Bg2 60. Kxb5
Bxh3 61. Bd5 exd5 62. Kc5 d4 63. Kxd4 Bg2 64. Ke3 Bd5 65. Kf2 Ke6 66. Kg1 Bf3
67. Kh2 Bg4 68. b5 Kd5 69. b6 Kc6 70. e6 Bh5 71. Kh3 Kxb6 72. Kxh4 Bg6 73. Kg5
Be8 74. Kxf5 Kc6 75. Ke5 Kc7 76. f5 Kd8 77. Kd6 Bh5 78. f6 Ke8 79. Ke5 Bg6 80.
Kf4 Bh5 81. Kg5 Bf7 82. Kf5 Bg8 83. Ke5 Kf8 84. Kd6 Ke8 85. Kd5 Kf8 86. Ke5 Ke8
87. Kd6 Kf8 88. Kd7 Bxe6+ 89. Kxe6 Ke8 90. Ke5 Kf7 91. Kf5 Kf8 92. Ke6 Ke8 93.
f7+ Kf8 94. Kf6 1/2-1/2

[Event "Titled Tue 1st Jul Late"]
[Site "chess.com INT"]
[Date "2025.07.01"]
[Round "4"]
[White "Ozen, Deniz"]
[Black "Arslanov, Shamil"]
[Result "0-1"]
[WhiteTitle "IM"]
[BlackTitle "IM"]
[WhiteElo "2374"]
[BlackElo "2410"]
[WhiteFideId "6349196"]
[BlackFideId "4192826"]
[EventDate "2025.07.01"]

1. e4 e5 2. Nf3 d5 3. Nc3 dxe4 4. Nxe4 f5 5. Nc3 e4 6. Ne5 Qd4 7. Nc4 Be6 8. d3
Bb4 9. Bd2 Nc6 10. Nb5 Qd7 11. dxe4 O-O-O 12. Nxa7+ Nxa7 13. Bxb4 Qc6 14. Nd2
Nf6 15. Be2 Nxe4 16. O-O Qb6 17. Bc3 Nb5 18. Bxb5 Qxb5 19. Nxe4 Rxd1 20. Raxd1
fxe4 21. Rfe1 Bf5 22. Bd4 Rd8 23. b3 Bg6 24. Be3 Rxd1 25. Rxd1 Qe2 26. Rc1 Bf7
27. a4 b6 28. h3 Be6 29. Bd4 g6 30. Be3 Bd5 31. b4 Bc4 32. a5 bxa5 33. bxa5 Bb5
34. Ra1 Kb7 35. Rc1 Ka6 36. Kh2 h5 37. Kg1 Qc4 38. Kh2 Ba4 39. Rd1 Bxc2 40. Rd8
Kxa5 41. Ra8+ Kb5 42. Rb8+ Kc6 43. Rf8 Qe6 44. Bd4 Kb7 45. Kg1 Bd3 46. Be3 Qd6
47. Re8 Qd7 48. Re5 Qd6 49. Rc5 Qe6 50. Rg5 c6 51. Rc5 Bc4 52. Rg5 Bd5 53. Rg3
Qe5 54. Rg5 Qe6 55. Rg3 Ka6 56. Rg5 Kb5 57. Bf4 Qf6 58. Be3 Kc4 59. g4 hxg4 60.
Rxg4 Kd3 61. Rf4 Qg5+ 62. Rg4 Qf5 63. Rg3 Ke2 64. Kg2 c5 65. Kg1 c4 66. Bd4 e3
67. Rxe3+ Kd2 68. Bc3+ Kc2 69. Be5 Be4 70. Rc3+ Kd2 71. Bd4 Qg5+ 72. Rg3 Qf5 73.
Bc3+ Kc2 74. Bd4 Bd3 75. Re3 Kd2 76. Rg3 Be4 77. Bc3+ Kc2 78. Bd4 Bd5 79. Rc3+
Kd2 80. Re3 Qg5+ 81. Rg3 Qf5 82. Re3 Qb1+ 83. Kh2 Qh1+ 84. Kg3 Qg1+ 85. Kf4
Qxf2+ 86. Ke5 Qf5+ 87. Kd6 Be4 88. Bb6 c3 89. Kc7 c2 90. Rg3 Qe5+ 91. Kd8 Qxg3
92. h4 Qxh4+ 93. Ke8 Bc6+ 94. Kf8 Qf4+ 95. Kg8 Bd5+ 96. Kh8 Qe5+ 97. Kh7 g5 98.
Ba5+ Kd3 99. Bc3 Be4+ 100. Kg8 Qe6+ 101. Kh8 Bd5 0-1

[Event "Titled Tue 1st Jul Late"]
[Site "chess.com INT"]
[Date "2025.07.01"]
[Round "4"]
[White "Salinas Herrera, Pablo"]
[Black "Chekletsov, Ilya"]
[Result "1/2-1/2"]
[WhiteTitle "GM"]
[BlackTitle "IM"]
[WhiteElo "2447"]
[BlackElo "2338"]
[WhiteFideId "3407128"]
[BlackFideId "24177156"]
[EventDate "2025.07.01"]

1. e4 c5 2. Nf3 d6 3. Bb5+ Bd7 4. Bxd7+ Qxd7 5. O-O Nf6 6. Qe2 Nc6 7. c3 e6 8.
d4 cxd4 9. cxd4 d5 10. e5 Ne4 11. Nbd2 Nxd2 12. Bxd2 Be7 13. g3 h6 14. h4 O-O-O
15. b4 Bxb4 16. Rab1 Bxd2 17. Qxd2 Kb8 18. Rb3 Ka8 19. Rfb1 Rb8 20. Ne1 Rhc8 21.
Ra3 b6 22. Rf3 Rb7 23. Kg2 Rbc7 24. Qf4 Na5 25. Qg4 Rg8 26. Nd3 Rc4 27. Rf4 Nc6
28. Nb2 Rb4 29. a3 Rb3 30. Qd1 Na5 31. Nd3 Rxa3 32. Nb4 Rc3 33. Qh5 Rf8 34. Qg4
Rg8 35. Qh5 Rf8 36. Na6 Nc6 37. Qg4 Rg8 38. Rb2 Rc4 39. Qd1 g5 40. hxg5 hxg5 41.
Rg4 Qe7 42. Qa1 Rxd4 43. Rxd4 Nxd4 44. Nb4 Nb5 45. Nc6 Qd7 46. Nb4 Nd4 47. Nd3
Nc6 48. Rxb6 Rb8 49. Ra6 Rb7 50. Nc5 Qc7 51. Nxb7 Qxb7 52. Ra2 d4 53. Kg1 d3 54.
Rd2 Qb5 55. Qc3 Nxe5 56. Qc8+ Qb8 57. Qxb8+ Kxb8 58. Kg2 g4 59. Rb2+ Kc7 60. Rb5
d2 61. Rb1 Nf3 62. Kf1 a5 63. Ke2 Kc6 64. Rb8 a4 65. Rb4 a3 66. Ra4 f5 67. Rxa3
Kd5 68. Ra5+ Ke4 69. Ra4+ Ke5 70. Ra5+ Kd4 71. Ra4+ Kc3 72. Ra3+ Kc4 73. Ra8 e5
74. Rc8+ Kd5 75. Rd8+ Ke4 76. Rc8 f4 77. gxf4 exf4 78. Re8+ Kf5 79. Rf8+ Kg5 80.
Rh8 Kf5 81. Rf8+ Ke4 82. Re8+ Kf5 83. Rh8 Ke4 84. Rg8 Kf5 85. Rg7 g3 86. fxg3
fxg3 87. Rxg3 Ne5 88. Kxd2 Kf4 89. Rc3 Ke4 90. Ke2 Kd4 91. Rh3 Ke4 92. Rh4+ Kf5
93. Ke3 Ng4+ 94. Kd4 Kf4 95. Rh1 Kf3 96. Rf1+ Nf2 97. Ra1 Ng4 98. Ra3+ Kf4 99.
Ra4 Kf5 100. Ra8 Nf6 101. Ra5+ Ke6 102. Re5+ Kd6 103. Re1 Nd7 104. Rh1 Nf6 105.
Re1 Nd7 106. Re2 Nf6 107. Ra2 Nd7 108. Ra6+ Kc7 109. Re6 Nb6 110. Kc5 Nd7+ 111.
Kb5 Kb7 112. Rc6 Nb8 113. Rd6 Kc7 114. Rd1 Nd7 115. Rd5 Nb6 116. Rc5+ Kb7 117.
Rc6 Nd7 118. Rc1 Nb8 119. Rg1 Nd7 120. Rg7 Kc7 121. Rh7 Kd6 122. Rh5 Nf6 123.
Kc4 Nxh5 1/2-1/2

[Event "Titled Tue 1st Jul Late"]
[Site "chess.com INT"]
[Date "2025.07.01"]
[Round "5"]
[White "Bortnyk, Olexandr"]
[Black "Cruz Mendez, Jean Marco"]
[Result "1-0"]
[WhiteTitle "GM"]
[BlackTitle "FM"]
[WhiteElo "2601"]
[BlackElo "2222"]
[WhiteFideId "14120828"]
[BlackFideId "3526402"]
[EventDate "2025.07.01"]

1. d4 e6 2. Nc3 c5 3. d5 Nf6 4. e4 exd5 5. e5 d4 6. exf6 dxc3 7. Qe2+ Be7 8.
Qxe7+ Qxe7+ 9. fxe7 cxb2 10. Bxb2 Kxe7 11. Bxg7 Re8 12. O-O-O Kd8 13. Nf3 1-0

[Event "Titled Tue 1st Jul Late"]
[Site "chess.com INT"]
[Date "2025.07.01"]
[Round "5"]
[White "Patel, Maahir M"]
[Black "Eswaran, Ashritha"]
[Result "0-1"]
[BlackTitle "FM"]
[WhiteElo "2106"]
[BlackElo "2236"]
[WhiteFideId "30995612"]
[BlackFideId "2080788"]
[EventDate "2025.07.01"]

1. e4 e5 2. Nf3 f5 3. Nxe5 Nc6 4. Nxc6 dxc6 5. Nc3 fxe4 6. Nxe4 Bf5 7. Ng3 Bg6
8. Bc4 Nf6 9. O-O Bd6 10. Re1+ Kf8 11. d4 h5 12. Bg5 Be7 13. c3 h4 14. Ne2 h3
15. Nf4 Bf5 16. g3 Qd6 17. Ne6+ Bxe6 18. Rxe6 Qd7 19. Qe2 b5 20. Bb3 a5 21. Re1
Re8 22. Bc2 Qd5 23. Bg6 Qg2# 0-1

[Event "Titled Tue 1st Jul Late"]
[Site "chess.com INT"]
[Date "2025.07.01"]
[Round "5"]
[White "Williams, Justus"]
[Black "Rodriguez, Santiago"]
[Result "1-0"]
[WhiteTitle "IM"]
[BlackTitle "CM"]
[WhiteElo "2355"]
[BlackElo "2252"]
[WhiteFideId "2049929"]
[BlackFideId "3000591"]
[EventDate "2025.07.01"]

1. e4 c5 2. c3 Nf6 3. e5 Nd5 4. a3 d6 5. exd6 Qxd6 6. Nf3 Nc6 7. d4 cxd4 8. Nxd4
Nxd4 9. Qxd4 e5 10. Qd2 Bd7 11. c4 Nf4 12. Qxd6 Bxd6 13. Nc3 O-O 14. Bxf4 exf4
15. O-O-O 1-0

[Event "Titled Tue 1st Jul Late"]
[Site "chess.com INT"]
[Date "2025.07.01"]
[Round "5"]
[White "Habans Aguerrea, Javier"]
[Black "Manukyan, Artyom"]
[Result "1-0"]
[WhiteTitle "IM"]
[BlackTitle "CM"]
[WhiteElo "2448"]
[BlackElo "2121"]
[WhiteFideId "24524689"]
[BlackFideId "13305786"]
[EventDate "2025.07.01"]

1. g3 d5 2. Bg2 Nf6 3. c4 e6 4. Nf3 Be7 5. O-O O-O 6. b3 b6 7. Bb2 Bb7 8. d4
Nbd7 9. Nc3 c5 10. e3 Rc8 11. Ne5 Qc7 12. cxd5 Nxd5 13. Nxd5 Bxd5 14. Bxd5 exd5
15. Nxd7 Qxd7 16. dxc5 bxc5 17. Qf3 Rfd8 18. Rfd1 Qe6 19. Rac1 a5 20. Rd2 c4 21.
bxc4 dxc4 22. Rxd8+ Rxd8 23. Bd4 Rc8 24. Qb7 Qc6 25. Qxe7 1-0

[Event "Titled Tue 1st Jul Late"]
[Site "chess.com INT"]
[Date "2025.07.01"]
[Round "5"]
[White "Guha, Eshan"]
[Black "Puzyrevsky, Semyon"]
[Result "1-0"]
[BlackTitle "FM"]
[WhiteElo "2071"]
[BlackElo "2292"]
[WhiteFideId "30958628"]
[BlackFideId "24240931"]
[EventDate "2025.07.01"]

1. d4 Nf6 2. c4 g6 3. g3 Bg7 4. Bg2 O-O 5. Nc3 d6 6. Nf3 c6 7. O-O Nbd7 8. e4
Qc7 9. h3 e5 10. Be3 a5 11. Qc2 Re8 12. Rfe1 exd4 13. Nxd4 Nc5 14. Rad1 Ne6 15.
b3 Nd7 16. Nxe6 Rxe6 17. Bf4 Ne5 18. Ne2 Re8 19. Nd4 h6 20. Qd2 g5 21. Be3 Bd7
22. f4 gxf4 23. gxf4 Ng6 24. f5 Nh4 25. Bxh6 Nxg2 26. Qxg2 1-0

[Event "Titled Tue 1st Jul Late"]
[Site "chess.com INT"]
[Date "2025.07.01"]
[Round "5"]
[White "Qiao, Cindy"]
[Black "Myagmarsuren, Evsuld"]
[Result "0-1"]
[WhiteTitle "WFM"]
[BlackTitle "FM"]
[WhiteElo "1899"]
[BlackElo "2292"]
[WhiteFideId "2620243"]
[BlackFideId "1551639"]
[EventDate "2025.07.01"]

1. d4 Nf6 2. Bf4 d5 3. e3 c5 4. Nf3 Nc6 5. c3 Qb6 6. Qc1 Bf5 7. Nbd2 e6 8. Be2
h6 9. h3 Be7 10. O-O O-O 11. Rd1 a5 12. Nf1 Rfc8 13. Bd3 Bxd3 14. Rxd3 a4 15. a3
Ne4 16. Ng3 Na5 17. Qc2 Nb3 18. Re1 Bf6 19. Ne5 cxd4 20. Nd7 Qd8 21. Nxf6+ Qxf6
22. Nxe4 dxe4 23. Rxd4 Nxd4 24. exd4 Qxf4 0-1

[Event "Titled Tue 1st Jul Late"]
[Site "chess.com INT"]
[Date "2025.07.01"]
[Round "5"]
[White "Andrade, Ivan"]
[Black "Mafra, Kaiser Luiz"]
[Result "1-0"]
[WhiteTitle "FM"]
[BlackTitle "CM"]
[WhiteElo "2144"]
[BlackElo "2076"]
[WhiteFideId "14800039"]
[BlackFideId "2106698"]
[EventDate "2025.07.01"]

1. e4 c5 2. Nf3 d6 3. d4 cxd4 4. Nxd4 Nf6 5. Nc3 g6 6. f3 a6 7. Be3 Bg7 8. Qd2
h5 9. O-O-O Nbd7 10. Kb1 b5 11. h3 Bb7 12. Bd3 Nc5 13. g4 b4 14. Nce2 a5 15.
Bb5+ Nfd7 16. gxh5 Rxh5 17. Ng3 Rh8 18. h4 Qb6 19. h5 gxh5 20. Bxd7+ Kxd7 21.
Nxh5 Rhg8 22. Nf5 Bf8 23. Nxd6 exd6 24. Nf6+ 1-0

[Event "Titled Tue 1st Jul Late"]
[Site "chess.com INT"]
[Date "2025.07.01"]
[Round "5"]
[White "Dobrosmyslov, Artem"]
[Black "Jakovljevic, Dejan"]
[Result "1-0"]
[WhiteTitle "FM"]
[BlackTitle "CM"]
[WhiteElo "2260"]
[BlackElo "1956"]
[WhiteFideId "24139521"]
[BlackFideId "949418"]
[EventDate "2025.07.01"]

1. Nf3 Nc6 2. e4 e5 3. Bc4 f5 4. d4 d6 5. dxe5 fxe4 6. Ng5 Nxe5 7. Bxg8 Rxg8 8.
Qh5+ g6 9. Qxh7 Rg7 10. Qh4 Be7 11. Nc3 Bf5 12. Qh8+ Bf8 13. Ncxe4 Qe7 14. O-O
Bxe4 15. Nxe4 Rh7 16. Qxh7 Qxh7 17. Nf6+ 1-0

[Event "Titled Tue 1st Jul Late"]
[Site "chess.com INT"]
[Date "2025.07.01"]
[Round "5"]
[White "Petersen, Marcel"]
[Black "Unver, Cumayi"]
[Result "1-0"]
[WhiteTitle "CM"]
[WhiteElo "2236"]
[BlackElo "2012"]
[WhiteFideId "12935670"]
[BlackFideId "6304940"]
[EventDate "2025.07.01"]

1. e4 e6 2. d4 d5 3. Nd2 dxe4 4. Nxe4 Nf6 5. Bd3 Nbd7 6. Ng3 Bd6 7. Nf3 c5 8.
O-O O-O 9. c3 b6 10. Ne4 Be7 11. Bf4 Bb7 12. Nd6 Bxd6 13. Bxd6 Re8 14. dxc5 Nxc5
15. Bb5 Bxf3 16. gxf3 Ncd7 17. Qd3 Qc8 18. Rad1 Rd8 19. Be7 Nc5 20. Qxd8+ 1-0

[Event "Titled Tue 1st Jul Late"]
[Site "chess.com INT"]
[Date "2025.07.01"]
[Round "5"]
[White "Bagheri, Maziar"]
[Black "Noroozi, Omid"]
[Result "1-0"]
[WhiteTitle "FM"]
[BlackTitle "IM"]
[WhiteElo "2287"]
[BlackElo "2266"]
[WhiteFideId "12530913"]
[BlackFideId "12501190"]
[EventDate "2025.07.01"]

1. e4 c5 2. Nf3 d6 3. d4 cxd4 4. Qxd4 Nc6 5. Bb5 a6 6. Bxc6+ bxc6 7. c4 e5 8.
Qd3 Ne7 9. c5 Qa5+ 10. Qc3 Qxc3+ 11. Nxc3 Ng6 12. cxd6 Bxd6 13. O-O f6 14. Be3
Ke7 15. Rac1 Rb8 16. b3 Be6 17. Rfd1 Rhc8 18. Na4 Nf8 19. Nb6 Rc7 20. Rxd6 Rxb6
21. Bxb6 Kxd6 22. Rd1+ 1-0

[Event "Titled Tue 1st Jul Late"]
[Site "chess.com INT"]
[Date "2025.07.01"]
[Round "5"]
[White "Tan, Zhongyi"]
[Black "Nifdaliyev, Jahangir"]
[Result "1-0"]
[WhiteTitle "GM"]
[BlackTitle "FM"]
[WhiteElo "2546"]
[BlackElo "2312"]
[WhiteFideId "8603642"]
[BlackFideId "13407740"]
[EventDate "2025.07.01"]

1. e4 c5 2. Nf3 d6 3. d4 cxd4 4. Nxd4 Nf6 5. Nc3 a6 6. Be3 Ng4 7. Bg5 h6 8. Bh4
g5 9. Bg3 Bg7 10. h3 Ne5 11. f3 Nbc6 12. Bf2 Bd7 13. Qd2 Rc8 14. h4 gxh4 15.
Rxh4 b5 16. Rh5 Nc4 17. Bxc4 bxc4 18. O-O-O Rb8 19. Nxc6 Bxc6 20. Bd4 e5 21. Be3
Qc7 22. Qxd6 Qb7 23. Rxe5+ Bxe5 24. Qxe5+ Kf8 25. Qxh8+ Ke7 26. Bc5+ Ke6 27.
Rd6+ Ke7 1-0

[Event "Titled Tue 1st Jul Late"]
[Site "chess.com INT"]
[Date "2025.07.01"]
[Round "5"]
[White "Terkiewicz, Bruno"]
[Black "Al Busaidi, Hamood"]
[Result "1-0"]
[WhiteTitle "CM"]
[BlackTitle "CM"]
[WhiteElo "2183"]
[BlackElo "2028"]
[WhiteFideId "21093245"]
[BlackFideId "22006230"]
[EventDate "2025.07.01"]

1. e4 c5 2. Nf3 e6 3. g3 d5 4. exd5 exd5 5. Bg2 Nc6 6. d4 Nf6 7. O-O h6 8. Re1+
Be6 9. Nc3 Qb6 10. Na4 Qb5 11. Nxc5 Bxc5 12. dxc5 Qxc5 13. Be3 Qb5 14. Nd4 Nxd4
15. Bxd4 O-O 16. Bxf6 gxf6 17. Qd4 Kg7 18. a4 Qc6 19. c3 b6 20. Rad1 Rad8 21.
Rd3 Rd7 22. Rf3 Qc4 23. Qxf6+ Kh7 24. Rf4 Qd3 25. Rxe6 1-0

[Event "Titled Tue 1st Jul Late"]
[Site "chess.com INT"]
[Date "2025.07.01"]
[Round "5"]
[White "Garbuz, Vitaliy"]
[Black "Leiva, Gianmarco"]
[Result "1-0"]
[WhiteTitle "CM"]
[BlackTitle "IM"]
[WhiteElo "2219"]
[BlackElo "2387"]
[WhiteFideId "12990710"]
[BlackFideId "3804399"]
[EventDate "2025.07.01"]

1. e4 c5 2. d4 cxd4 3. c3 dxc3 4. Nxc3 d6 5. Nf3 Nc6 6. Bc4 g6 7. e5 Bg7 8. exd6
Nf6 9. O-O O-O 10. dxe7 Qxe7 11. Bf4 Bg4 12. Bd6 Qd8 13. Bxf8 Qxf8 14. h3 Bxf3
15. Qxf3 Ne5 16. Qe2 Nxc4 17. Qxc4 Rc8 18. Qd3 Nh5 19. Rac1 Nf4 20. Qf3 Qb4 21.
Nd5 1-0